000
00205nam a2200085Ia 4500
008
170524s9999 xx 000 0 und d
100
_a
Chick
245
0
_a
International Financial Management
260
_b
New Delhi : PHI
260
_c
2003
999
_c
6293
_d
6293